| 000 | 00935nam0a2200277 4500 | ||
|---|---|---|---|
| 001 | RU\NLR\bibl\1779015 | ||
| 005 | 20260406085432.0 | ||
| 010 |
_a978-5-7833-1574-9 _930000 |
||
| 021 |
_aRU _b2011-36661 _92615 |
||
| 035 | _a(NLR Aleph) 001769776 | ||
| 090 |
_a1630534 _c1630534 |
||
| 100 | _a20110609d2011 |||y0rusy50 ca | ||
| 101 | 0 | _arus | |
| 102 | _aRU | ||
| 105 | _aa ||||||||| | ||
| 200 | 1 |
_aВолк и семеро козлят _e[русская народная сказка _eдля чтения взрослыми детям _fхудож. В.Л. Вахтин] |
|
| 210 |
_aМосква _cФламинго _d2011 |
||
| 215 |
_a[14] с. _cцв. ил. _d20 |
||
| 702 | 1 |
_4040 _7ca _8rus _aВахтин _bВ. Л. _cхудожник _gВиктор Л. _937957 _3RU\NLR\AUTH\7755025 |
|
| 801 | 0 |
_aRU _bNLR _c20110609 _gRCR |
|
| 801 | 1 |
_aRU _bNLR _c20110609 |
|
| 942 | _cBOOK | ||
| 980 | _aNB | ||
| 980 | _aNBR | ||